[Event "FRA-chT1 0910"]
[Site "France"]
[Date "2009.10.04"]
[Round "1.7"]
[White "Geffroy, Laurent"]
[Black "Chaumont, Adeline"]
[Result "1-0"]
[WhiteElo "2231"]
[BlackElo "2049"]
[PlyCount "107"]
[EventDate "2009.09.27"]
[EventType "team-tourn"]
[EventRounds "11"]
[EventCountry "FRA"]
[SourceTitle "EXT 2011"]
[Source "ChessBase"]
[SourceDate "2010.11.26"]
[SourceVersion "1"]
[SourceVersionDate "2010.11.26"]
[SourceQuality "1"]

1. d4 d5 2. c4 c6 3. Nc3 Nf6 4. Nf3 e6 5. e3 Nbd7 6. Bd3 Bd6 7. e4 dxe4 8. Nxe4 Nxe4 9. Bxe4 Nf6 10. Bc2 Bb4+ 11. Bd2 Qa5 12. a3 Bxd2+ 13. Qxd2 Qc7 14. 0-0 0-0 15. Rfe1 b6 16. Rad1 Bb7 17. Ne5 Rad8 18. Qd3 g6 19. Qe3 Kg7 20. b4 Rfe8 21. Rd3 c5 22. dxc5 Rxd3 23. Bxd3 bxc5 24. Qxc5 Qxc5 25. bxc5 Rc8 26. Rb1 Rxc5 27. Nxf7 Bxg2 28. Kxg2 Kxf7 29. Rb7+ Kf8 30. Rxa7 Rg5+ 31. Kf3 Rh5 32. a4 Rh3+ 33. Ke2 Ng4 34. c5 Ne5 35. Bb5 Rc3 36. f4 Nf7 37. c6 h6 38. c7 Nd6 39. Bd7 Ke7 40. c8Q Nxc8 41. Bxc8+ Kf6 42. Bd7 Rc2+ 43. Kd3 Rxh2 44. Ra6 Kf5 45. Rxe6 Kxf4 46. Rxg6 h5 47. a5 Ra2 48. a6 Ke5 49. Rh6 Kf4 50. Kc3 Kg5 51. Kb3 Ra5 52. Rb6 Ra1 53. Kb2 Ra5 54. Rb5+ 1-0

[Event "FRA-chT2 West 0809"]
[Site "France"]
[Date "2009.04.05"]
[Round "11.5"]
[White "Lagunes, Jean Renaud"]
[Black "Geffroy, Laurent"]
[Result "0-1"]
[WhiteElo "2095"]
[BlackElo "2221"]
[PlyCount "68"]
[EventDate "2008.10.19"]
[EventType "tourn"]
[EventRounds "11"]
[EventCountry "FRA"]
[SourceTitle "EXT 2010"]
[Source "ChessBase"]
[SourceDate "2010.11.25"]
[SourceVersion "1"]
[SourceVersionDate "2010.11.25"]
[SourceQuality "1"]
[WhiteTeam "Echiquier Bordelais"]
[BlackTeam "Issy les Moulineaux"]
[WhiteTeamCountry "FRA"]
[BlackTeamCountry "FRA"]

1. e4 e5 2. Nf3 Nc6 3. Bb5 a6 4. Ba4 Nf6 5. Qe2 b5 6. Bb3 Be7 7. a4 Rb8 8. axb5 axb5 9. Nc3 0-0 10. 0-0 b4 11. Nd5 Nxd5 12. exd5 Nd4 13. Nxd4 exd4 14. Qc4 c5 15. dxc6 dxc6 16. Qxc6 Rb6 17. Qd5 Qc7 18. d3 Bb7 19. Qh5 Rg6 20. f3 Bd6 21. Re1 Bf4 22. Bxf4 Qxf4 23. Kf2 Qd2+ 24. Re2 Rxg2+ 25. Kxg2 Qxe2+ 26. Kg3 g6 27. Qg4 Re8 28. Qf4 Re7 29. Rg1 Bxf3 30. Qxd4 Bb7 31. Qd8+ Re8 32. Qd6 Re3+ 33. Kf4 Qf2+ 34. Kg5 Qf5+ 0-1

[Event "FRA-chT2 West 0809"]
[Site "France"]
[Date "2009.03.15"]
[Round "9.4"]
[White "Geffroy, Laurent"]
[Black "Favarel, Camille"]
[Result "1-0"]
[WhiteElo "2220"]
[BlackElo "2092"]
[PlyCount "127"]
[EventDate "2008.10.19"]
[EventType "tourn"]
[EventRounds "11"]
[EventCountry "FRA"]
[SourceTitle "EXT 2010"]
[Source "ChessBase"]
[SourceDate "2010.11.25"]
[SourceVersion "1"]
[SourceVersionDate "2010.11.25"]
[SourceQuality "1"]
[WhiteTeam "Issy les Moulineaux"]
[BlackTeam "Rennes Paul Bert"]
[WhiteTeamCountry "FRA"]
[BlackTeamCountry "FRA"]

1. d4 Nf6 2. Bg5 Ne4 3. Bf4 c5 4. f3 Qa5+ 5. c3 Nf6 6. Nd2 cxd4 7. Nb3 Qf5 8. Bxb8 Rxb8 9. Qxd4 b6 10. e4 Qg5 11. e5 Ng8 12. Nh3 Qh6 13. Nf4 Qc6 14. 0-0-0 e6 15. Bd3 Ne7 16. Rhe1 Qc7 17. Qa4 Nc6 18. Ba6 Be7 19. Nd4 Nxd4 20. Bxc8 Rxc8 21. Rxd4 Rd8 22. Nh5 g6 23. Ng3 Qc6 24. Ne4 0-0 25. Red1 Qxa4 26. Rxa4 a5 27. Rad4 Rc8 28. Rxd7 Bc5 29. R1d3 b5 30. b3 a4 31. Kb2 axb3 32. axb3 Bg1 33. h3 h5 34. Rb7 Rb8 35. Rdd7 Bh2 36. Nd6 b4 37. Nc4 bxc3+ 38. Kxc3 Rbc8 39. Kd3 Rc5 40. Ke4 g5 41. h4 g4 42. fxg4 hxg4 43. h5 Rcc8 44. Ne3 Rc1 45. Nxg4 Re1+ 46. Kf3 Bxe5 47. Nxe5 Rxe5 48. g4 Rg5 49. Kf4 f6 50. h6 e5+ 51. Kf3 f5 52. Rg7+ Rxg7 53. Rxg7+ Kh8 54. gxf5 Rxf5+ 55. Ke4 Rf4+ 56. Kd3 e4+ 57. Kc3 Rf3+ 58. Kc4 e3 59. Re7 Rh3 60. b4 Rh4+ 61. Kb3 Rh3 62. Ka4 Kg8 63. b5 Kf8 64. Re5 1-0

[Event "FRA-chT2 West 0809"]
[Site "France"]
[Date "2009.02.08"]
[Round "7.6"]
[White "Geffroy, Laurent"]
[Black "Boussaha, Bilal"]
[Result "1-0"]
[WhiteElo "2218"]
[BlackElo "1970"]
[PlyCount "101"]
[EventDate "2008.10.19"]
[EventType "tourn"]
[EventRounds "11"]
[EventCountry "FRA"]
[SourceTitle "EXT 2010"]
[Source "ChessBase"]
[SourceDate "2010.11.25"]
[SourceVersion "1"]
[SourceVersionDate "2010.11.25"]
[SourceQuality "1"]
[WhiteTeam "Issy les Moulineaux"]
[BlackTeam "Saint Quentin"]
[WhiteTeamCountry "FRA"]
[BlackTeamCountry "FRA"]

1. d4 d6 2. c4 e5 3. Nf3 exd4 4. Nxd4 g6 5. g3 Bg7 6. Bg2 Ne7 7. 0-0 Nbc6 8. Be3 0-0 9. Nc3 Nf5 10. Nxf5 Bxf5 11. Qd2 Re8 12. Rac1 Rb8 13. Nd5 Kh8 14. b4 Be4 15. b5 Bxg2 16. Kxg2 Ne5 17. Bxa7 Rc8 18. Bd4 Nd7 19. Bxg7+ Kxg7 20. Qd4+ f6 21. e3 Nc5 22. h4 h5 23. Nf4 b6 24. Qb2 Qe7 25. Qc2 Qe4+ 26. Qxe4 Rxe4 27. Nd5 f5 28. Rc3 Nb7 29. Rd1 Kf7 30. Rd4 Rce8 31. Ra3 Na5 32. f3 R4e5 33. Rc3 Nb7 34. Kf2 Kg7 35. e4 fxe4 36. Rxe4 Rxe4 37. fxe4 Nc5 38. Kf3 Rf8+ 39. Ke3 Ne6 40. Ra3 Rf7 41. Ra7 Kf8 42. Ra8+ Kg7 43. Re8 Nc5 44. Re7 Rxe7 45. Nxe7 Ne6 46. Nd5 Kf7 47. Nf4 Nf8 48. Kd4 Ke7 49. Kd5 Kd7 50. e5 dxe5 51. Kxe5 1-0

[Event "FRA-chT2 West 0809"]
[Site "France"]
[Date "2009.01.18"]
[Round "6.5"]
[White "Geffroy, Laurent"]
[Black "Baudon, Andrew"]
[Result "1-0"]
[WhiteElo "2218"]
[BlackElo "1938"]
[PlyCount "80"]
[EventDate "2008.10.19"]
[EventType "tourn"]
[EventRounds "11"]
[EventCountry "FRA"]
[SourceTitle "EXT 2010"]
[Source "ChessBase"]
[SourceDate "2010.11.25"]
[SourceVersion "1"]
[SourceVersionDate "2010.11.25"]
[SourceQuality "1"]
[WhiteTeam "Issy les Moulineaux"]
[BlackTeam "Quimper"]
[WhiteTeamCountry "FRA"]
[BlackTeamCountry "FRA"]

1. d4 Nf6 2. c4 e5 3. dxe5 Ng4 4. Bf4 Nc6 5. Nf3 Bb4+ 6. Nbd2 Qe7 7. e3 Ngxe5 8. Nxe5 Nxe5 9. Be2 d6 10. 0-0 Bxd2 11. Qxd2 Ng6 12. Bg3 h5 13. f3 Bd7 14. e4 Ne5 15. Qc3 h4 16. Bf2 g5 17. c5 Rg8 18. Bd4 Ng6 19. Bf6 Nf4 20. Bc4 Qf8 21. Rad1 b5 22. c6 Be6 23. Bxb5 Rg6 24. e5 d5 25. Kh1 g4 26. fxg4 Rxg4 27. Rf2 a6 28. Bf1 Rb8 29. Rd4 Ng6 30. Rxg4 Bxg4 31. Bxa6 Qb4 32. Bb7 Qe4 33. h3 Be6 34. Qc2 Qe1+ 35. Kh2 Qe3 36. Rf3 Qe1 37. Qf2 Qa5 38. b4 Qa4 39. Qc5 Qxa2 40. Qa5 Qxa5 1-0

[Event "FRA-chT2 West 0809"]
[Site "France"]
[Date "2008.11.23"]
[Round "3.5"]
[White "Geffroy, Laurent"]
[Black "Dube, Dimitri"]
[Result "0-1"]
[WhiteElo "2238"]
[BlackElo "2083"]
[PlyCount "20"]
[EventDate "2008.10.19"]
[EventType "tourn"]
[EventRounds "11"]
[EventCountry "FRA"]
[SourceTitle "EXT 2010"]
[Source "ChessBase"]
[SourceDate "2010.11.25"]
[SourceVersion "1"]
[SourceVersionDate "2010.11.25"]
[SourceQuality "1"]
[WhiteTeam "Issy les Moulineaux"]
[BlackTeam "Tours"]
[WhiteTeamCountry "FRA"]
[BlackTeamCountry "FRA"]

1. d4 Nc6 2. Nf3 d5 3. c4 e5 4. dxe5 Bb4+ 5. Bd2 dxc4 6. Qa4 Qe7 7. a3 Bxd2+ 8. Nbxd2 Bd7 9. Qxc4 Nxe5 10. Qxc7 Nd3+ 0-1

[Event "FRA-chT2 Nord 0708"]
[Site "France"]
[Date "2008.03.15"]
[Round "8.3"]
[White "Fossier, Francois"]
[Black "Geffroy, Laurent"]
[Result "1-0"]
[WhiteElo "2245"]
[BlackElo "2238"]
[PlyCount "57"]
[EventDate "2007.10.21"]
[EventType "team-tourn"]
[EventRounds "11"]
[EventCountry "FRA"]
[SourceTitle "EXT 2009"]
[Source "ChessBase"]
[SourceDate "2008.11.26"]
[SourceVersion "1"]
[SourceVersionDate "2008.11.26"]
[SourceQuality "1"]
[WhiteTeam "Henin Beaumont"]
[BlackTeam "Issy les Moulineaux"]
[WhiteTeamCountry "FRA"]
[BlackTeamCountry "FRA"]

1. d4 d5 2. Nf3 Nf6 3. Bf4 c5 4. e3 Qb6 5. Nc3 Bf5 6. Bxb8 Rxb8 7. Bb5+ Bd7 8. Bxd7+ Kxd7 9. dxc5 Qxc5 10. e4 e6 11. 0-0 Rd8 12. exd5 Kc8 13. Ne5 Qc7 14. Qe2 exd5 15. Nb5 Qb6 16. Nxf7 Re8 17. Qd3 Rg8 18. Qh3+ Nd7 19. Qc3+ Nc5 20. Qh3+ Nd7 21. a4 a6 22. Qc3+ Nc5 23. b4 axb5 24. axb5 Re4 25. bxc5 Qxb5 26. Nd6+ Bxd6 27. cxd6+ Rc4 28. Ra8+ Kd7 29. Qh3+ 1-0

[Event "FRA-chT2 Nord 0708"]
[Site "France"]
[Date "2007.12.16"]
[Round "4.2"]
[White "Geffroy, Laurent"]
[Black "Sohier, Julien"]
[Result "1/2-1/2"]
[WhiteElo "2241"]
[BlackElo "2259"]
[PlyCount "106"]
[EventDate "2007.10.21"]
[EventType "team-tourn"]
[EventRounds "11"]
[EventCountry "FRA"]
[SourceTitle "EXT 2009"]
[Source "ChessBase"]
[SourceDate "2008.11.26"]
[SourceVersion "1"]
[SourceVersionDate "2008.11.26"]
[SourceQuality "1"]
[WhiteTeam "Issy les Moulineaux"]
[BlackTeam "Club 608"]
[WhiteTeamCountry "FRA"]
[BlackTeamCountry "FRA"]

1. d4 d5 2. c4 dxc4 3. Nf3 Nf6 4. e3 e6 5. Bxc4 c5 6. 0-0 a6 7. Bb3 b5 8. Qe2 Bb7 9. a4 b4 10. Nbd2 Nbd7 11. Rd1 Be7 12. Nc4 0-0 13. dxc5 Qc7 14. Nb6 Rad8 15. Nxd7 Nxd7 16. Bd2 Nxc5 17. Bc4 Qa5 18. Nd4 Rd7 19. f3 Rc7 20. Be1 Rfc8 21. Bg3 Rd7 22. Rdc1 Rcd8 23. Be1 Bf6 24. Nb3 Nxb3 25. Bxb3 Rd3 26. Bc4 Rxe3 27. Qc2 Bd4 28. Bf2 Re5 29. Bxd4 Rxd4 30. Bd3 g6 31. Qc7 Qxc7 32. Rxc7 Bxf3 33. Bxa6 Bd5 34. Bf1 Rd2 35. a5 Rxb2 36. a6 Re3 37. a7 Ra3 38. Rc8+ Kg7 39. a8Q Bxa8 40. Rxa8 Rxa8 41. Rxa8 b3 42. Rb8 Kf6 43. Rb7 g5 44. Bc4 h5 45. Rxb3 Rxb3 46. Bxb3 Ke5 47. Kf2 h4 48. Kf3 f5 49. g4 hxg3 50. hxg3 g4+ 51. Ke3 Kf6 52. Ba4 e5 53. Bc6 Kg5 1/2-1/2

[Event "FRA-chT1A 0607"]
[Site "France"]
[Date "2006.11.06"]
[Round "3.5"]
[White "Julve, Philippe"]
[Black "Geffroy, Laurent"]
[Result "1/2-1/2"]
[WhiteElo "2236"]
[BlackElo "2246"]
[PlyCount "90"]
[EventDate "2006.10.15"]
[EventType "team-tourn"]
[EventRounds "11"]
[EventCountry "FRA"]
[SourceTitle "EXT 2008"]
[Source "ChessBase"]
[SourceDate "2007.11.25"]
[SourceVersion "1"]
[SourceVersionDate "2007.11.25"]
[SourceQuality "1"]
[WhiteTeam "Lille"]
[BlackTeam "Issy les Moulineaux"]
[WhiteTeamCountry "FRA"]
[BlackTeamCountry "FRA"]

1. d4 Nf6 2. c4 e6 3. Nc3 Bb4 4. e3 b6 5. Nge2 Ba6 6. Ng3 Bxc3+ 7. bxc3 d5 8. Qf3 Qd7 9. cxd5 exd5 10. Bxa6 Nxa6 11. 0-0 0-0 12. e4 dxe4 13. Nxe4 Nxe4 14. Qxe4 c6 15. Rd1 Rfe8 16. Qf3 Qd5 17. Qg3 Re6 18. Bf4 Rae8 19. h4 Rg6 20. Re1 Ree6 21. Rxe6 Rxe6 22. Bb8 Qd7 23. Be5 Rg6 24. Qf3 Qd5 25. Qh3 Re6 26. Qg4 f6 27. Bf4 Qd7 28. Qd1 Nc7 29. a4 Nd5 30. Bd2 b5 31. axb5 cxb5 32. Qf3 a6 33. Ra5 Qc6 34. h5 Ne7 35. Qxc6 Rxc6 36. Kf1 Re6 37. Be3 Nd5 38. c4 Nxe3+ 39. fxe3 Rxe3 40. cxb5 axb5 41. Rxb5 Re4 42. d5 Kf7 43. Kf2 f5 44. d6 Ke6 45. Rd5 Kd7 1/2-1/2

[Event "FRA-chT1A 0607"]
[Site "France"]
[Date "2006.10.15"]
[Round "1.3"]
[White "Roumegous, Marina"]
[Black "Geffroy, Laurent"]
[Result "1/2-1/2"]
[WhiteElo "2202"]
[BlackElo "2246"]
[PlyCount "55"]
[EventDate "2006.10.15"]
[EventType "team-tourn"]
[EventRounds "11"]
[EventCountry "FRA"]
[SourceTitle "EXT 2008"]
[Source "ChessBase"]
[SourceDate "2007.11.25"]
[SourceVersion "1"]
[SourceVersionDate "2007.11.25"]
[SourceQuality "1"]
[WhiteTeam "Evry Grand Roque II"]
[BlackTeam "Issy les Moulineaux"]
[WhiteTeamCountry "FRA"]
[BlackTeamCountry "FRA"]

1. d4 Nf6 2. Bg5 Ne4 3. Bf4 c5 4. f3 Qa5+ 5. c3 Nf6 6. d5 Qb6 7. Bc1 g6 8. e4 d6 9. Nd2 Bg7 10. a4 0-0 11. Be2 Qd8 12. Nc4 Na6 13. Be3 Nc7 14. Qd2 b6 15. g4 Ba6 16. Nh3 Bxc4 17. Bxc4 Qd7 18. Nf4 a6 19. g5 Nfe8 20. h4 e5 21. dxe6 fxe6 22. h5 Qf7 23. hxg6 hxg6 24. Rh3 Be5 25. Nd3 Bg7 26. Nf4 Be5 27. Nd3 Bg7 28. Nf4 1/2-1/2

[Event "Syre Memorial op 29th"]
[Site "Issy les Moulineaux"]
[Date "2006.05.28"]
[Round "6"]
[White "Geffroy, Laurent"]
[Black "Le Chevalier, Yves"]
[Result "1-0"]
[WhiteElo "2268"]
[BlackElo "1967"]
[PlyCount "69"]
[EventDate "2006.05.25"]
[EventType "swiss"]
[EventRounds "6"]
[EventCountry "FRA"]
[SourceTitle "EXT 2007"]
[Source "ChessBase"]
[SourceDate "2006.11.23"]
[SourceVersion "1"]
[SourceVersionDate "2006.11.23"]
[SourceQuality "1"]

1. d4 Nf6 2. Bg5 d5 3. Bxf6 exf6 4. e3 Bf5 5. c4 Bxb1 6. Rxb1 Bb4+ 7. Ke2 0-0 8. Qb3 Nc6 9. Nf3 dxc4 10. Qxc4 Qe7 11. g3 Rad8 12. a3 Ba5 13. d5 Ne5 14. Nxe5 Qxe5 15. Bg2 c6 16. Rhd1 cxd5 17. Rxd5 Rxd5 18. Qxd5 Qxd5 19. Bxd5 Rb8 20. b4 Bd8 21. Rd1 Be7 22. Be4 a5 23. Rd7 Bf8 24. bxa5 Ra8 25. Bd5 Bxa3 26. Bxf7+ Kh8 27. Rxb7 h6 28. h4 g5 29. hxg5 hxg5 30. Rb5 Kg7 31. Bd5 Ra7 32. Bb7 Kf7 33. a6 Bd6 34. Kd3 Ke7 35. Ke4 1-0

[Event "FRA-chT2A 0506"]
[Site "France"]
[Date "2006.04.01"]
[Round "10.3"]
[White "Geffroy, Laurent"]
[Black "Lefebvre, Jeremie"]
[Result "1-0"]
[WhiteElo "2253"]
[BlackElo "1917"]
[PlyCount "65"]
[EventDate "2005.10.27"]
[EventType "team-tourn"]
[EventRounds "11"]
[EventCountry "FRA"]
[SourceTitle "EXT 2006"]
[Source "ChessBase"]
[SourceDate "2005.11.24"]
[SourceVersion "1"]
[SourceVersionDate "2005.11.24"]
[SourceQuality "1"]
[WhiteTeam "Issy les Moulineaux"]
[BlackTeam "Bordeaux Echecs"]
[WhiteTeamCountry "FRA"]
[BlackTeamCountry "FRA"]

1. d4 Nf6 2. c4 g6 3. Nc3 d5 4. Bf4 Bg7 5. e3 c5 6. dxc5 Qa5 7. Rc1 Ne4 8. cxd5 Nxc3 9. Qd2 Qxa2 10. bxc3 Qa5 11. Bc4 Qxc5 12. Ba2 0-0 13. Ne2 Nd7 14. e4 Nf6 15. f3 Rd8 16. c4 Bd7 17. Be3 Qa3 18. 0-0 Ne8 19. c5 Bb5 20. Rfd1 Bb2 21. Rb1 Bxe2 22. Qxe2 Qxa2 23. Rxb2 Qa6 24. Qxa6 bxa6 25. Ra1 Nc7 26. Rb7 Rdc8 27. Bf4 Nb5 28. c6 Nd4 29. Be5 Nxc6 30. dxc6 Rxc6 31. Rxe7 Kf8 32. Rc7 Re6 33. Bd4 1-0

[Event "FRA-chT2A 0506"]
[Site "France"]
[Date "2006.02.05"]
[Round "7.4"]
[White "Lourmande, Christophe"]
[Black "Geffroy, Laurent"]
[Result "0-1"]
[WhiteElo "2135"]
[BlackElo "2253"]
[PlyCount "80"]
[EventDate "2005.10.27"]
[EventType "team-tourn"]
[EventRounds "11"]
[EventCountry "FRA"]
[SourceTitle "EXT 2006"]
[Source "ChessBase"]
[SourceDate "2005.11.24"]
[SourceVersion "1"]
[SourceVersionDate "2005.11.24"]
[SourceQuality "1"]
[WhiteTeam "Bois Colombes II"]
[BlackTeam "Issy les Moulineaux"]
[WhiteTeamCountry "FRA"]
[BlackTeamCountry "FRA"]

1. e4 e6 2. d4 d5 3. Be3 dxe4 4. f3 e5 5. dxe5 Qxd1+ 6. Kxd1 exf3 7. Nxf3 Nc6 8. Bb5 Bd7 9. Bxc6 Bxc6 10. Nbd2 Ne7 11. c4 g6 12. e6 f6 13. Kc2 Bg7 14. g4 0-0-0 15. Rhe1 h5 16. Bc5 Bxf3 17. Bxe7 Rde8 18. g5 Rxe7 19. Nxf3 Rhe8 20. Rf1 Rxe6 21. Nd4 Rd6 22. Nb5 Re2+ 23. Kb3 Rd3+ 24. Nc3 fxg5 25. Rf7 Be5 26. Rf8+ Kd7 27. Raf1 a5 28. Rg8 a4+ 29. Kxa4 Rxb2 30. Nb5 c6 31. Na3 Rxa2 32. Rf7+ Ke6 33. Rxb7 Raxa3+ 34. Kb4 Rdb3+ 35. Kc5 Rxb7 36. h4 gxh4 37. Rxg6+ Kf5 38. Rh6 Ra5+ 39. Kxc6 Ra6+ 40. Kc5 Rxh6 0-1

[Event "FRA-chT2A 0506"]
[Site "France"]
[Date "2006.01.15"]
[Round "6.4"]
[White "Jegourel, Cyrille"]
[Black "Geffroy, Laurent"]
[Result "0-1"]
[WhiteElo "2077"]
[BlackElo "2253"]
[PlyCount "48"]
[EventDate "2005.10.27"]
[EventType "team-tourn"]
[EventRounds "11"]
[EventCountry "FRA"]
[SourceTitle "EXT 2006"]
[Source "ChessBase"]
[SourceDate "2005.11.24"]
[SourceVersion "1"]
[SourceVersionDate "2005.11.24"]
[SourceQuality "1"]
[WhiteTeam "Rennes Paul Bert"]
[BlackTeam "Issy les Moulineaux"]
[WhiteTeamCountry "FRA"]
[BlackTeamCountry "FRA"]

1. e4 e6 2. d4 d5 3. Nc3 Nf6 4. e5 Nfd7 5. Nce2 c5 6. c3 b5 7. a3 cxd4 8. cxd4 b4 9. axb4 Bxb4+ 10. Bd2 Qb6 11. Bxb4 Qxb4+ 12. Qd2 Nc6 13. Nf3 Rb8 14. Rc1 Qxd2+ 15. Nxd2 Rb6 16. b4 Bb7 17. b5 Rxb5 18. Nc3 Rb4 19. Nb5 Ke7 20. Nd6 Nxd4 21. Rc7 Rb8 22. Nxf7 Bc6 23. Nd6 Ra4 24. f4 Kd8 0-1

[Event "FRA-chT2A 0506"]
[Site "France"]
[Date "2006.01.14"]
[Round "5.4"]
[White "Geffroy, Laurent"]
[Black "Renault, Jerome"]
[Result "1-0"]
[WhiteElo "2253"]
[BlackElo "2148"]
[PlyCount "97"]
[EventDate "2005.10.27"]
[EventType "team-tourn"]
[EventRounds "11"]
[EventCountry "FRA"]
[SourceTitle "EXT 2006"]
[Source "ChessBase"]
[SourceDate "2005.11.24"]
[SourceVersion "1"]
[SourceVersionDate "2005.11.24"]
[SourceQuality "1"]
[WhiteTeam "Issy les Moulineaux"]
[BlackTeam "Saint Lo"]
[WhiteTeamCountry "FRA"]
[BlackTeamCountry "FRA"]

1. d4 Nf6 2. Bg5 c5 3. Bxf6 gxf6 4. d5 Qb6 5. Qc1 f5 6. e3 Bg7 7. c3 d6 8. Nh3 Nd7 9. Nf4 Nf6 10. Na3 Bd7 11. Nc4 Qc7 12. a4 b6 13. g3 0-0 14. Bg2 a6 15. a5 bxa5 16. Nxa5 Rab8 17. Qc2 e6 18. 0-0 e5 19. Ne2 e4 20. Qd2 Ng4 21. Ra2 Ne5 22. Nf4 Rb5 23. c4 Rb4 24. b3 Rfb8 25. f3 exf3 26. Bxf3 Qd8 27. Nd3 Qe8 28. Nxb4 Rxb4 29. Bd1 Bh6 30. Rf4 Bxf4 31. exf4 Ng4 32. Bf3 Nf6 33. Kf1 Ne4 34. Qd3 Rb8 35. Re2 Qc8 36. Bxe4 fxe4 37. Qxe4 Qc7 38. Nc6 Rxb3 39. Ne7+ Kh8 40. f5 Qa5 41. Kg2 Qc3 42. Qg4 Qg7 43. Qh4 h6 44. Ng6+ fxg6 45. Qd8+ Qg8 46. Qxd7 Rb8 47. Qxd6 Re8 48. Qf6+ Kh7 49. fxg6+ 1-0

[Event "FRA-chT2A 0506"]
[Site "France"]
[Date "2005.11.20"]
[Round "3.4"]
[White "Loiret, Stanislas"]
[Black "Geffroy, Laurent"]
[Result "1/2-1/2"]
[WhiteElo "2235"]
[BlackElo "2257"]
[PlyCount "160"]
[EventDate "2005.10.27"]
[EventType "team-tourn"]
[EventRounds "11"]
[EventCountry "FRA"]
[SourceTitle "EXT 2006"]
[Source "ChessBase"]
[SourceDate "2005.11.24"]
[SourceVersion "1"]
[SourceVersionDate "2005.11.24"]
[SourceQuality "1"]
[WhiteTeam "Tours"]
[BlackTeam "Issy les Moulineaux"]
[WhiteTeamCountry "FRA"]
[BlackTeamCountry "FRA"]

1. d4 Nf6 2. c4 e6 3. Nc3 Bb4 4. Qc2 d5 5. Nf3 c5 6. cxd5 Qxd5 7. Bd2 Bxc3 8. Bxc3 cxd4 9. Bxd4 Nc6 10. Bxf6 gxf6 11. Qc3 Qa5 12. Qxa5 Nxa5 13. e3 Bd7 14. Nd2 Rc8 15. Bd3 Ke7 16. Ke2 h6 17. Rac1 Nc6 18. f4 Rhg8 19. g3 Nb4 20. Bc4 Bc6 21. Rhg1 Bd5 22. a3 Bxc4+ 23. Nxc4 Na2 24. Rc2 b5 25. b3 bxc4 26. bxc4 Rc7 27. Ra1 Rgc8 28. Raxa2 Rxc4 29. Rxc4 Rxc4 30. Rb2 Rc7 31. g4 Kf8 32. Kd3 Kg7 33. Rb5 Kg6 34. h4 f5 35. h5+ Kf6 36. gxf5 exf5 37. Ra5 Re7 38. Ra6+ Kg7 39. a4 Rb7 40. a5 Re7 41. Rd6 Rc7 42. Kd4 Re7 43. Ra6 Rc7 44. Kd5 Rb7 45. Kd6 Kf6 46. Kc6 Re7 47. Kb5+ Kg7 48. Kc5 Rb7 49. Kd4 Re7 50. Kd5 Rb7 51. e4 fxe4 52. Kxe4 Rb4+ 53. Ke3 Rb3+ 54. Kd4 Rb4+ 55. Ke3 Rb3+ 56. Ke4 Rb4+ 57. Kf5 Rb5+ 58. Kg4 f5+ 59. Kf3 Rb3+ 60. Ke2 Rh3 61. Rxa7+ Kf6 62. Rh7 Rxh5 63. a6 Rh2+ 64. Kd3 Kg6 65. Rd7 Ra2 66. Rd6+ Kh5 67. Kc3 Kg4 68. Kb3 Ra1 69. Rxh6 Kxf4 70. Rh4+ Kg3 71. Ra4 Rb1+ 72. Kc4 Rb8 73. Ra3+ Kg2 74. a7 Ra8 75. Kd5 f4 76. Kc6 f3 77. Kb7 Rxa7+ 78. Rxa7 f2 79. Ra2 Kg1 80. Rxf2 Kxf2 1/2-1/2

[Event "FRA-chT2A 0506"]
[Site "France"]
[Date "2005.10.16"]
[Round "1.4"]
[White "Geffroy, Laurent"]
[Black "Rihouay, Clement"]
[Result "1/2-1/2"]
[WhiteElo "2253"]
[BlackElo "2172"]
[PlyCount "39"]
[EventDate "2005.10.27"]
[EventType "team-tourn"]
[EventRounds "11"]
[EventCountry "FRA"]
[SourceTitle "EXT 2006"]
[Source "ChessBase"]
[SourceDate "2005.11.24"]
[SourceVersion "1"]
[SourceVersionDate "2005.11.24"]
[SourceQuality "1"]
[WhiteTeam "Issy les Moulineaux"]
[BlackTeam "Nantes"]
[WhiteTeamCountry "FRA"]
[BlackTeamCountry "FRA"]

1. d4 Nf6 2. Bg5 e6 3. e4 h6 4. Bxf6 Qxf6 5. Nc3 g6 6. Qd2 Bg7 7. 0-0-0 b6 8. f4 Bb7 9. Nf3 d6 10. Bd3 Nd7 11. Rhf1 0-0-0 12. Kb1 Kb8 13. Nb5 Qe7 14. c3 c6 15. Na3 c5 16. Qe3 a6 17. Nc4 b5 18. Na5 Ba8 19. dxc5 Nxc5 20. Bc2 1/2-1/2

[Event "Syre Memorial op 28th"]
[Site "Issy les Moulineaux"]
[Date "2005.05.06"]
[Round "3"]
[White "Geffroy, Laurent"]
[Black "Oupindrin, Narayanin"]
[Result "1/2-1/2"]
[WhiteElo "2233"]
[BlackElo "2053"]
[PlyCount "97"]
[EventDate "2005.05.05"]
[EventType "swiss"]
[EventRounds "6"]
[EventCountry "FRA"]
[SourceTitle "EXT 2007"]
[Source "ChessBase"]
[SourceDate "2006.11.23"]
[SourceVersion "1"]
[SourceVersionDate "2006.11.23"]
[SourceQuality "1"]

1. d4 d5 2. c4 e6 3. Nc3 Nf6 4. cxd5 exd5 5. Bg5 c6 6. e3 Nbd7 7. Bd3 Bd6 8. Qc2 h6 9. Bh4 0-0 10. Nge2 Re8 11. 0-0-0 Nf8 12. h3 g5 13. Bg3 Ne4 14. Bxe4 dxe4 15. Bxd6 Qxd6 16. Nxe4 Qg6 17. N4c3 Qxc2+ 18. Kxc2 Bf5+ 19. Kc1 Bg6 20. g4 Kg7 21. Ng3 Rad8 22. h4 f6 23. b3 Ne6 24. Kb2 Nc7 25. e4 Ne6 26. Nce2 Nf4 27. f3 Nxe2 28. Nxe2 Bxe4 29. fxe4 Rxe4 30. Nc3 Rxg4 31. hxg5 hxg5 32. Rhe1 Rgxd4 33. Rxd4 Rxd4 34. Re7+ Kg6 35. Kc2 f5 36. Ne2 Rh4 37. Kd3 Rh3+ 38. Re3 Rxe3+ 39. Kxe3 Kf6 40. Nd4 Ke5 41. Nf3+ Kf6 42. Nd2 Ke5 43. Nf3+ Kf6 44. Ne1 Ke5 45. Nd3+ Kd5 46. Nb4+ Ke5 47. Nd3+ Kd5 48. Nb4+ Ke5 49. Nd3+ 1/2-1/2

[Event "FRA-chT2 0405"]
[Site "France"]
[Date "2005.01.09"]
[Round "6.3"]
[White "Geffroy, Laurent"]
[Black "Simon, Olivier"]
[Result "1/2-1/2"]
[WhiteElo "2233"]
[BlackElo "2289"]
[PlyCount "98"]
[EventDate "2004.10.10"]
[EventType "team-tourn"]
[EventRounds "11"]
[EventCountry "FRA"]
[SourceTitle "EXT 2006"]
[Source "ChessBase"]
[SourceDate "2005.11.24"]
[SourceVersion "1"]
[SourceVersionDate "2005.11.24"]
[SourceQuality "1"]

1. d4 Nf6 2. Bg5 Ne4 3. Bf4 c5 4. f3 Qa5+ 5. c3 Nf6 6. Nd2 cxd4 7. Nb3 Qb6 8. Qxd4 Nc6 9. Qxb6 axb6 10. Nd4 e5 11. Nxc6 exf4 12. Nd4 Bc5 13. Nh3 Nd5 14. Kd2 d6 15. g3 Bxd4 16. cxd4 Ra4 17. Nxf4 Nxf4 18. gxf4 Rxd4+ 19. Ke3 Rb4 20. b3 Bf5 21. Rd1 Kd7 22. Kf2 Rxf4 23. e4 Be6 24. Bb5+ Ke7 25. Rc1 Rc8 26. Rxc8 Bxc8 27. Rc1 Kd8 28. Rd1 Kc7 29. Rc1+ Kb8 30. Rg1 g6 31. Rd1 Rf6 32. h4 Kc7 33. Ke3 Bd7 34. Bc4 b5 35. Bd5 Bc6 36. f4 Bxd5 37. Rxd5 Kc6 38. Rd2 Re6 39. Kd4 Re8 40. Rc2+ Kd7 41. Kd5 Ra8 42. h5 Ra6 43. Rh2 Rc6 44. hxg6 hxg6 45. Rh8 Rc2 46. e5 Rd2+ 47. Ke4 dxe5 48. Kxe5 Ke7 49. Rc8 f6+ 1/2-1/2